000 00728nam a2200253Ia 4500
003 OSt
005 20220926023044.0
006 a|||||r|||| 00| 0
007 ta
008 220923b |||||||| |||| 00| 0 eng d
037 _cGeneral Book
040 _aRTL
_cRTL
_beng
041 _2eng
_aeng
082 _aY:675:b6, L4
100 _aFox Karl A
245 0 _aSocial indicators and social theory
_b Elements of a
260 _aNew York
_bWiley
_c1974
300 _axxiii,328p
_ccm.
490 _aWiley Series in Urban Research Ed by Terry N Clark
500 _aBibliogrphy: p 299-309
650 _aSocial Planning
942 _hY:675:b6, L4
_cGB
_2CC
999 _c640863
_d640863